| 000 | 00408nam a2200169Ia 4500 | ||
|---|---|---|---|
| 100 | _aKarumanchi/Narasimha | ||
| 650 | _aintetview questions | ||
| 942 | _cBK | ||
| 366 | _f20 | ||
| 654 | _aIT interview question | ||
| 245 | _aIT interview questions:A primer for the IT job interviews | ||
| 260 |
_bCareer Monk _c2014 |
||
| 082 | _bKAR | ||
| 300 | _a563 | ||
| 546 |
_aENGLISH _celectronics |
||
| 999 |
_c18831 _d18831 |
||